Normal view
MARC view
- Family
Entry Topical Term
001 - CONTROL NUMBER
- control field: 43241
003 - CONTROL NUMBER IDENTIFIER
- control field: OSt
005 - DATE AND TIME OF LATEST TRANSACTION
- control field: 20210429103850.0
008 - FIXED-LENGTH DATA ELEMENTS
- fixed length control field: 210429|| aca||aabn | a|a d
040 ## - CATALOGING SOURCE
- Original cataloging agency: OSt
- Transcribing agency: OSt
150 ## - HEADING--TOPICAL TERM
- Topical term or geographic name entry element: Family
- Geographic subdivision: United Stated States of American.
670 ## - SOURCE DATA FOUND
- Source citation: Work cat.: (OSt): Mcintosh, Phyllis. 43199, State and county fairs:, c2006-2008.
